000 00353nam a2200145Ia 4500
100 _aAyala/Kenneth J
250 _a2
942 _cBK
654 _a8051
245 _aThe 8051 Microcontrollers :Architecture programming and applications
260 _bThomson/Delmar Learning
_c1997
082 _a004.16/AYA
_bAYA
300 _a367
546 _aENGLISH
999 _c28778
_d28778